Statystyki dla Beteo - Palma na blokach

Kliknij tutaj aby rozwiązać quiz!

Ogólne statystyki

  • Ten quiz został rozwiązany 14 razy
  • Średni wynik to 15 z 21

Statystyki odpowiedzi

NumerTytułGość% Poprawnych
6Hit na wakacjeBiałas & Kronkel Dom
100%
3Palma na blokach
100%
2Chodź na podwórko
90%
7Głośniej (masz to krzyczeć)
90%
15Hood Love (a ja nie)Margaret
90%
21 (Deluxe)Złoto i dziewczyny 2012White 2115 & DJ Johny
90%
19 (Deluxe)Hood Love, ale to drillMatiniezyje
80%
14Sto lat (albo dłużej)Duszyn
80%
5Forza (Pod Słońce)
70%
13Oczy jak manga
70%
9REFLINKBiałas & Lanek
70%
18 (Deluxe)Jestem taki
60%
1Jetpack
60%
17 (Deluxe)Który to już razBerson
60%
4Weneckie lustro
60%
12Azja
50%
16 (Deluxe)Escape Room
50%
11Nowa Ziemia
50%
8Turn Up Anthem
50%
20 (Deluxe)W świecie moimB24 & Kronkel Dom
50%
10Bombaclat
40%

Rozkład punktacji

Percentyl według liczby udzielonych odpowiedzi

Procent ludzi z każdym wynikiem

Twoja historia wyników

Nie rozwiązałeś tego quizu